| Tag |
First Indicator |
Second Indicator |
Subfields |
| LEADER |
00000cam a2200000 4500 |
| 001 |
in00000053519 |
| 005 |
20151008050305.0 |
| 008 |
720922s1967 nju b 00000 eng u |
| 010 |
|
|
|a 67014849
|
| 035 |
|
|
|a (OCoLC)00412811
|
| 035 |
|
|
|9 AAG0319AM
|
| 040 |
|
|
|c WSU
|d TXA
|d UtOrBLW
|
| 049 |
|
|
|a TXAM
|c [476497]
|
| 050 |
|
0 |
|a DT36
|b .C45
|
| 092 |
|
|
|a 325.3469
|b C535p
|
| 100 |
1 |
|
|a Chilcote, Ronald H.
|
| 245 |
1 |
0 |
|a Portuguese Africa /
|c [by] Ronald H. Chilcote.
|
| 264 |
|
1 |
|a Englewood Cliffs, N.J. :
|b Prentice-Hall,
|c [1967]
|
| 300 |
|
|
|a 149 pages
|
| 336 |
|
|
|a text
|b txt
|2 rdacontent
|
| 337 |
|
|
|a unmediated
|b n
|2 rdamedia
|
| 338 |
|
|
|a volume
|b nc
|2 rdacarrier
|
| 490 |
1 |
|
|a A Spectrum book: The modern nations in historical perspective
|
| 504 |
|
|
|a Bibliography: pages 129-141.
|
| 651 |
|
0 |
|a Portugal
|x Colonies
|z Africa.
|
| 830 |
|
0 |
|a Modern nations in historical perspective.
|
| 999 |
|
|
|a MARS
|
| 999 |
f |
f |
|s 2ff720c2-457b-3631-83ca-ac8abb2099fc
|i ef245349-e151-338b-8191-63cfebba7a8f
|t 0
|
| 952 |
f |
f |
|p ric
|a Texas A&M University
|b Rellis Campus
|c Joint Library Facility
|d Remote Storage
|t 0
|e DT36 .C45
|h Library of Congress classification
|i unmediated -- volume
|m A14800671654
|
| 998 |
f |
f |
|a DT36 .C45
|t 0
|l Remote Storage
|